الانسان فى مواجهة الفتن : سيدنا يوسف نموذجا /
Saved in:
| Main Author: | |
|---|---|
| Other Authors: | |
| Format: | Thesis |
| Language: | Arabic |
| Published: |
Gombak, Selangor :
al-Jami'ah al-Islamiyah al-'Alamiyah bi-Maliziya,
2004.
|
| Subjects: | |
| Online Access: | http://studentrepo.iium.edu.my/handle/123456789/8354 |
| Tags: |
Add Tag
No Tags, Be the first to tag this record!
|
| LEADER | 021650000a22004210004500 | ||
|---|---|---|---|
| 001 | 305754 | ||
| 005 | 20230531062658.0 | ||
| 008 | 050202s2004 my g 000 0dara d | ||
| 035 | |a (Sirsi) 305754 | ||
| 040 | |a UIAM |b eng | ||
| 041 | 0 | |a ara | |
| 050 | 0 | 0 | |a BP137.5.Y9 |
| 100 | 0 | |a عزيزون بنت أحمد |9 35263 | |
| 242 | 1 | 3 | |a al-Insan fi muwajahat al-fitan : Sayyidina Yusuf namuzajan |
| 245 | 1 | 2 | |a الانسان فى مواجهة الفتن : سيدنا يوسف نموذجا / |c اعداد عزيزون بنت أحمد |
| 260 | |a Gombak, Selangor : |b al-Jami'ah al-Islamiyah al-'Alamiyah bi-Maliziya, |c 2004. | ||
| 300 | |a 147 leaves ; |c 30 cm. | ||
| 336 | |2 rdacontent | ||
| 337 | |2 rdamedia | ||
| 338 | |2 rdacarrier | ||
| 500 | |a Abstracts in Arabic and English | ||
| 502 | |a " ... for the degree of Master of Islamic Revealed Knowledge and Heritage (Qur'an and Sunnah) "--Approval page | ||
| 502 | |a Thesis (MIRKH)--International Islamic University Malaysia, 2004 | ||
| 530 | |a Also available on 3 1/2 in. computer disk | ||
| 600 | 1 | 0 | |a Yusuf, The Prophet, in the Qur'an |9 33178 |
| 650 | 0 | |a Insan |9 24843 | |
| 655 | 0 | 7 | |a Theses, IIUM local |
| 690 | 0 | |a Dissertations, Academic |x Department of Qur'an and Sunnah Studies |z IIUM | |
| 700 | 0 | |a 'Azizun binti Ahmad |9 35264 | |
| 730 | 0 | |a al-Insan fi muwajahat al-fitan : Sayyidina Yusuf namuzajan (Computer file) |9 35265 | |
| 856 | 4 | |u http://studentrepo.iium.edu.my/handle/123456789/8354 | |
| 900 | |a ami | ||
| 942 | |2 lcc |n 0 | ||
| 999 | |c 431722 |d 463925 | ||
| 952 | |0 0 |6 T BP 137.5 Y9 A995I 2004 |7 0 |8 THESES |9 751622 |a IIUM |b IIUM |c MULTIMEDIA |g 0.00 |o t BP 137.5 Y9 A995I 2004 |p 00011275444 |r 2017-10-17 |t 1 |v 0.00 |y THESIS | ||
| 952 | |0 0 |6 LU T BP 137.5 Y9 A995I 2004 |7 0 |8 THESES |9 752909 |a IIUM |b IIUM |c CLOSEACCES |g 0.00 |o lu t BP 137.5 Y9 A995I 2004 |p 00000911831 |r 2017-10-24 |t 1 |v 0.00 |y THESIS | ||
| 952 | |0 0 |6 LU T BP 137.5 Y9 A995I 2004 |7 0 |8 THESES |9 752910 |a IIUM |b IIUM |c CLOSEACCES |g 0.00 |o lu t BP 137.5 Y9 A995I 2004 |p 00000911830 |r 2017-10-24 |t 2 |v 0.00 |y THESIS | ||
| 952 | |0 0 |6 TS DK BP137.5Y9A995I 2004 |7 0 |9 818381 |a IIUM |b IIUM |g 0.00 |o ts dk BP137.5Y9A995I 2004 |p 00000911832 |r 1900-01-02 |t 1 |v 0.00 |y BOOKSTRICT | ||
